| 000 | 02413nam a22003617a 4500 | ||
|---|---|---|---|
| 001 | 100310 | ||
| 003 | KnowledgeUnlatched | ||
| 005 | 20210303105356.0 | ||
| 006 | m o d | ||
| 007 | cr u|||||||||| | ||
| 008 | 210129p20132017xxk o u00| u eng d | ||
| 035 | _a(OCoLC)890980920 | ||
| 037 | _5BiblioBoard | ||
| 245 | 0 | 0 |
_aRemembering the South African War _bBritain and the Memory of the Anglo-Boer War, from 1899 to the Present / _cPeter Donaldson. |
| 020 | _a9781781385722 | ||
| 029 | 1 | _ahttps://library.biblioboard.com/ext/api/media/6a8c09ed-708f-4f36-8157-acb3a0f51c36/assets/thumbnail.jpg | |
| 040 |
_aScCtBLL _cScCtBLL |
||
| 100 | 1 |
_aDonaldson, Peter _eauthor. |
|
| 264 | 1 | _bLiverpool University Press, | |
| 300 | _a1 online resource (202 p.) | ||
| 506 | 0 |
_aAccess copy available to the general public. _fUnrestricted _2star |
|
| 520 | _aThe experience of the South African War sharpened the desire to commemorate for a number of reasons. An increasingly literate public, a burgeoning populist press, an army reinforced by waves of volunteers and, to contemporaries at least, a shockingly high death toll embedded the war firmly in the national consciousness. In addition, with the fallen buried far from home those left behind required other forms of commemoration. For these reasons, the South African War was an important moment of transition in commemorative practice and foreshadowed the rituals of remembrance that engulfed Britain in the aftermath of the Great War. This work provides the first comprehensive survey of the memorialisation process in Britain in the aftermath of the South African War. By uncovering the themes and myths that underpinned these interpretations of the war, shifting patterns in how the war was represented and conceived are revealed. | ||
| 588 | 0 | _aDescription based on print version record. | |
| 590 | _aKU Select 2016 Backlist Collection | ||
| 650 | 7 |
_aHistory / Africa _2bisacsh |
|
| 650 | 0 | _aHistory | |
| 655 | 0 | _aElectronic books. | |
| 758 |
_iIs found in: _aKnowledge Unlatched _1https://openresearchlibrary.org/module/2774bc74-146a-484f-a7ba-ab1d6a09bbfb |
||
| 856 | 4 | 0 |
_uhttps://openresearchlibrary.org/content/6a8c09ed-708f-4f36-8157-acb3a0f51c36 _zView this content on Open Research Library. _70 |
| 999 |
_c25959 _d25959 |
||